LEADER 01186nam--2200409---450- 001 990000429950203316 005 20051116180837.0 010 $a88-1020590-1 035 $a0042995 035 $aUSA010042995 035 $a(ALEPH)000042995USA01 035 $a0042995 100 $a20010507d1998----km-y0itay0103----ba 101 $aita 102 $aIt 105 $a||||||||001yy 200 1 $aBollario dell'anno santo$edocumenti di indizione dal Giubileo del 1300$fa cura di Erminio Lora 205 $aed. bilingue 210 $aBologna$cDehoniane$d1998 215 $aLXII, 1659, 47 p.$d18 cm 225 2 $aStrumenti 410 $12001$aStrumenti 461 1$1001-------$12001 606 0 $aGiubilei$xStoria$xDocumenti 676 $a263.97 700 1$aLORA,$bErminio$0544867 801 0$aIT$bsalbc$gISBD 912 $a990000429950203316 951 $aII.2. 3906(XIV 899)$b143355 LM$cXIV 959 $aBK 969 $aUMA 979 $aPATTY$b90$c20010507$lUSA01$h1213 979 $c20020403$lUSA01$h1651 979 $aPATRY$b90$c20040406$lUSA01$h1630 979 $aCOPAT6$b90$c20051116$lUSA01$h1808 996 $aBollario dell'anno santo$9873813 997 $aUNISA LEADER 02654nam 22006013u 450 001 9910784668303321 005 20230828222358.0 010 $a1-282-07287-0 010 $a0-253-11206-0 035 $a(CKB)1000000000362319 035 $a(EBL)283667 035 $a(OCoLC)476030918 035 $a(SSID)ssj0000206901 035 $a(PQKBManifestationID)11189083 035 $a(PQKBTitleCode)TC0000206901 035 $a(PQKBWorkID)10246509 035 $a(PQKB)10786707 035 $a(MiAaPQ)EBC283667 035 $a(EXLCZ)991000000000362319 100 $a20130418d2006|||| u|| | 101 0 $aeng 135 $aur|n|---||||| 181 $ctxt 182 $cc 183 $acr 200 10$aMurambi, The Book of Bones$b[electronic resource] 210 $aBloomington, IN $cIndiana University Press$d2006 215 $a1 online resource (209 p.) 300 $aDescription based upon print version of record. 311 $a0-253-34754-8 327 $aCover; Contents; Foreword: An Urn for the Dead, an Hourglass for the Living; Acknowledgments; Introduction: "To call a monster by its name"; Part 1. Fear and Anger; Michel Serumundo; Faustin Gasana; Jessica; Part 2. The Return of Cornelius; Part 3. Genocide; Aloys Ndasingwa; Marina Nkusi; Jessica; Rosa Karemera; Doctor Joseph Karekezi; Jessica; Colonel E?tienne Perrin; Jessica; Part 4. Murambi 330 $a""[W]hat is true of Rwanda is true in each of us; we all share in Africa."" -- L'Harmattan""[This novel] comes closer than have many political scientists or historians to trying to understand why this small country... sank in such appalling violence."" -- Radio France InternationalIn April of 1994, nearly a million Rwandans were killed in what would prove to be one of the swiftest, most terrifying killing sprees of the 20th century. In Murambi, The Book of Bones, Boubacar Boris Diop comes 606 $aGenocide 606 $aGenocide$zRwanda$vFiction 606 $aFrench Literature$2HILCC 606 $aRomance Literatures$2HILCC 606 $aLanguages & Literatures$2HILCC 615 4$aGenocide. 615 0$aGenocide 615 7$aFrench Literature 615 7$aRomance Literatures 615 7$aLanguages & Literatures 676 $a843.914 676 $a843/.914 700 $aDiop$b Boubacar Boris$0443413 701 $aMc Laughlin$b Fiona$01502240 801 0$bAU-PeEL 801 1$bAU-PeEL 801 2$bAU-PeEL 906 $aBOOK 912 $a9910784668303321 996 $aMurambi, The Book of Bones$93729878 997 $aUNINA